000 00564nam a2200205 4500
001 136103
003 ES-MaACL
005 20240524062957.0
007 t|
008 070214s1966 sp r ||||1| spa d
100 1 _aRuiz Peña, Juan,
_d1915-1992
_9100896
245 1 0 _aNudo /
_cJuan Ruiz Peña.
260 _aSalamanca :
_b[s. n.],
_c1966 (
_fGráf. Vitor)
300 _a127 p. ;
_c21 cm.
490 1 _aAlamo ;
_v1
830 0 _aColección Alamo ;
_v1
_9184140
852 _aES-MaACL
_jC-30770
_bR.70177
942 _2udc
999 _c136103
_d136103